| 000 | 01219nam a2200241 a 4500 | ||
|---|---|---|---|
| 003 | AM-YEHGA | ||
| 040 | _aAM-YeHGA | ||
| 942 |
_2udc _cBK |
||
| 090 | _c462106 | ||
| 001 | 000564516 | ||
| 005 | 20250617160721.0 | ||
| 008 | 080123s1935 ai | |||||||||||||arm|d | ||
| 041 | 1 | _aarm | |
| 100 | 1 | _aՊիվովարովա, Յե.Դ. | |
| 245 | 1 | 0 |
_aՅերեխաների վորդնային հիվանդությունները յեվ նրանց դեմ պայքարելու միջոցառումները / _cՅԵ. Դ. Պիվովարովա; Խմբ.՝ Ի. Յա. Սերեբրիյսկի; Թարգմ.՝ Հ. Բողդանյան; ՄՄՊ Ազով-Ս.ծովյան յերկր. ին-տ. |
| 260 |
_aՌոստով-Դոն : _bԱզով-Սևծովյան յերկրային հրատ., _c1935. |
||
| 300 |
_a78 էջ : _bնկ. ; _c14 սմ. |
||
| 440 | 0 | _aԱրշավ առողջ կյանքի համար | |
| 650 | 1 | 4 |
_aԱղիքային հիվանդություններ _xՃիճու |
| 700 | 1 |
_aՍերեբրիյսկի, Ի.Յա. _eխմբ. _4edt |
|
| 700 | 1 |
_aԲողդանյան, Հ. _eթարգմ. _4trl |
|
| 710 | 2 | _aՄայրության յեվ մանկության պահպանության Ազով-Սևծովյան յերկրային ինստիտուտ | |
| 999 |
_c459037 _d459037 |
||